| 000 | 00866nam a2200241 i 4500 | ||
|---|---|---|---|
| 001 | 177315 | ||
| 003 | ES-MaACL | ||
| 005 | 20250904073105.0 | ||
| 007 | t| | ||
| 008 | 110315s1973 sp af ||||1| spa d | ||
| 080 | _a74/75 Togores, Josep de | ||
| 100 | 1 |
_aTogores, Josep de. _9145642 |
|
| 245 | 1 | 0 |
_aDibujos de Togores / _cpor José de Castro Arines. |
| 250 | _a1ª ed. | ||
| 260 |
_aMadrid : _bIbérico Europea de Ediciones, _c1973. |
||
| 300 |
_a[40] p. : _bprincipalmente il. ; _c31 cm. |
||
| 490 | 1 |
_aMaestros contemporáneos del dibujo y la pintura ; _v25 |
|
| 600 | 1 | 4 |
_aTogores, Josep de. _9145642 |
| 700 | 1 |
_aCastro Arines, José de, _d1913-1997 _936907 |
|
| 830 | 1 | 0 |
_aMaestros contemporáneos del dibujo y la pintura _v25 _9190405 |
| 852 | 4 |
_aES-MaACL _jE-14688 (5) _xOlim P-1071 _z- Enc. con otros títulos |
|
| 999 |
_c177315 _d177315 |
||